1191 1022 1079 1153 1435 1967 1672 1520 1194 1253 1860 1232 1305 1760 1360 1853 1036 1843 1753 1437 1951 1728 1280 1116 1008 1246 1159 1771 1437 1985 1839 1349 1713 1991 1187 1653 1831 1761 1629 1586 1248 1504 1311 1872 1806 1545 1694 1519 1086 1872 1937 1411 1906 1880 1049 1171 1298 1705 1951 1357 1433 1400 1797 1533 1428 1156 1930 1133 1741 1370 1478 1087 1216 1385 1370 1923 1645 1930 1241 1325 1868 1034 1049 1632 1180 1580 1543 1435 1460 1926 1562 1633 1170 1649 1026 1080 1455 1691 1282 BCNSPRNW ULIB Ver.6.0+V

เปลี่ยนเป็นภาษาไทย

Change to English
 แสดงรายละเอียดบรรณานุกรม
  กลับหน้าหลัก

Brief Record : Get Marc (ISO 2709) : E-mail record : QR code < ปิดหน้าต่าง
LEADER : 00000nam 2200000uu 4500
001    13399109561
003     ULIB
008    110405s2005||||th 000 0 eng d
020    0781749875
060 04 WB330^bE92L 2005
100 1  Taylor, Carol
245 10 Lippincott s photo atlas of medication administration /^cCarol Taylor, Carol Lillis, Priscilla LeMone
260    Philadelphia :^bLippincott Williams & Wilkins,^cc2005
300    64 p. :^bcol. ill. ;^c28 cm.
504    Includes bibliographical references
650  2 Administration, Oral^vatlases
650  2 Administration, Oral^vnurses instruction
650  2 Pharmaceutical Preparations^xadministration & dosage^vatlases
650  2 Pharmaceutical Preparations^xadministration & dosage^vnurses instruction
650  2 Administration, Topical^vatlases
650  2 Administration, Topical^vnurses instruction
650  2 Injections^xmethods^vatlases
650  2 Injections^xmethods^vnurses instruction
700 1  Lillis, Carol
700 1  LeMone, Priscilla
945    ^p0^l0^i020383
995    Tossapron
999 ^a ใช้งานได้ทุกระบบ
รายการนี้ยังไม่มีแท็ก
คุณยังไม่ได้ล็อกอิน คุณสามารถมีกิจกรรมร่วมกับเว็บไซต์ได้ แต่ต้องล็อกอินก่อน ::
  ล็อกอิน

รายการสื่อสารสนเทศ

ลำดับที่ ประเภท เลขเรียก/บาร์โค้ด สถานที่ สถานะ
- ไม่พบข้อมูล -

รายการใกล้เคียง
    ผู้แต่ง [Taylor, Carol]

BibComment


ยังไม่เคยถูกคอมเมนท์

คอมเมนท์ทรัพยากรรายการนี้
  คอมเมนท์: Lippincott s phot..


 Copyright 2026. Bcnsprnw @Library